000 00814nam a2200241 a 4500
999 _c4307
_d4307
001 4307
003 BD-JhCC
005 20171129102147.0
008 171126s2008 bg |||| |||| 000 0 ben d
020 _a9847015600037
035 _a(BD-JhCC)4307
040 _aBD-JhCC
_dBD-JhCC
041 _aben
082 _a616.994
_bGOL 2008
100 _aগলার, ইয়ান
245 _aক্যান্সার বিজয় :
_bপ্রতিরোধ ও ব্যবস্থাপনা /
_cইয়ান গলার, শামীম খান (অনু.)
260 _aঢাকা :
_bমাওলা ব্রাদার্স,
_c2008
300 _a268 p. :
_c24 cm.
650 _aCancer
700 _aখান, শামীম (অনুবাদ)
942 _2ddc
_cBK